00371nam a22001337a 4500008004100000020001500041050002100056100001700077245005900094260002500153300001000178650002400188650002500212210824b |||||||| |||| 00| 0 eng d a8171419357 aQA278b.S53 2005 aSharma, A.K. aTextbook of Correlations and Regression cA. K. Sharma aNew DelhibDPHc2005 a204p. aRegression analysis aCorrelation analysis